| 000 | 00617nam a2200217Ia 4500 | ||
|---|---|---|---|
| 003 | OSt | ||
| 005 | 20230427160753.0 | ||
| 008 | 210423s2012 xx 000 0 und d | ||
| 020 | _a9780140455076 | ||
| 040 | _cAL | ||
| 041 | _aeng | ||
| 082 |
_a910.92 _223 _bFADI |
||
| 100 |
_aFADLAN (Ibn) _994358 |
||
| 245 | _aIban fadlan and the land of darkness: arab travellers in the far North | ||
| 260 |
_bPenguin Books Ltd _c2012 |
||
| 300 |
_axxxvii,239 _bPB |
||
| 365 |
_b399 _cINR |
||
| 650 |
_aGeography _994359 |
||
| 906 | _aarab ; darkness: ; fadlan ; far ; Iban ; land ; North ; travellers | ||
| 942 |
_2ddc _cBK |
||
| 999 |
_c161236 _d161236 |
||